000 00592nam a2200229Ia 4500
003 OSt
005 20220923230044.0
006 a|||||r|||| 00| 0
007 ta
008 Pun
024 _a277,046
037 _cTextual
040 _aARTS
_cARTS
_bPun
041 _2Pun
_aPun
082 _aO153,3N17,TH, K2
100 _aਕਿਆਸੀ, ਤ੍ਰਲੋਕ
_9156318
245 0 _aਨੋਕਰ
260 _c1962
650 _aਪੰਜਾਬੀ ਸਾਹਿਤ
942 _hO153,3N17,TH, K2
_cTEXL
_2CC
999 _c382170
_d382170